Left or Right? - Statistics

General Stats
  • This quiz has been taken 43 times
  • The average score is 11 of 16
Answer Stats
Hint Answer % Correct
West Left
94%
3 O'clock Right
94%
85% have this dominant hand Right
88%
Driving Direction (U.K.) Left
85%
Escape Button Left
85%
Conservative Right
79%
Brake Pedal Left
76%
Postage Stamp Right
65%
The D key in games Right
62%
Can turn on red (U.S.) Right
62%
Historically evil Left
59%
Doctor Who episode, "Turn ___" Left
59%
Starboard Right
59%
Bass Clef on Piano Left
53%
God's position in relation to Jesus Left
50%
Reading direction of Arabic Right
38%
No matching quizzes found
Score Distribution
Percent of People with Each Score
Percentile by Number Answered
Your Score History
You have not taken this quiz